[Event "79th ARM-ch 1st League 2018"]
[Site "Yerevan"]
[Date "2018.08.21"]
[Round "12"]
[White "Hayrapetyan, Hovik"]
[Black "Sargsyan, Tigran R"]
[Result "1-0"]
[WhiteElo "2439"]
[BlackElo "2136"]
[Annotator "TA"]
[PlyCount "47"]
[EventDate "2018.08.09"]
[EventType "tourn"]
[EventCountry "ARM"]
[SourceTitle "playchess.com"]
[Source "ChessBase"]
[SourceQuality "1"]

{[%evp 19,47,16,13,20,16,0,0,0,0,0,2,8,21,25,28,-25,156,140,188,163,660,624,979,956,919,888,874,862,843,837]} 1. d4 d5 2. Nf3 Nf6 3. c4 c6 4. Nc3 dxc4 5. a4 e6 6. e3 c5 7. Bxc4 Nc6 {D16: Slav Defence: 5 a4: Lines with 5...Bg4 and 5...Na6} 8. O-O cxd4 9. Nxd4 (9. exd4 Be7 10. Qe2 O-O 11. Rd1 Nd5 12. Qe4 Nf6 13. Qh4 Nd5 14. Qe4 Nf6 15. Qh4 Nd5 16. Qg3 Bd6 17. Qh3 {½-½ (40) Gelfand,B (2695)-Dubov,D (2696) Sochi 2018}) 9... Bd7 10. Qe2 a6 {LiveBook: 5 Games} 11. Rd1 {Black should prevent Nxc6.} Qc7 12. Nxc6 Bxc6 13. e4 {[%cal Be3e4,Be4e5][%mdl 32]} Qe5 {[%cal Rf6e4] [#]} 14. f4 $146 ({Predecessor:} 14. f3 Bc5+ 15. Be3 {½-½ (15) Zakhartsov,V (2548)-Kharitonov,A (2536) Paleochora 2015}) 14... Bc5+ 15. Kf1 Qc7 16. e5 Ng8 17. Rb1 (17. Bd3 $142) 17... Rc8 $2 ({Better is} 17... Ba7 $11 18. Be3 Bxe3 19. Qxe3 Bxa4) 18. b4 $36 {[%cal Bb2b4,Bb4b5][%mdl 2080] Black is under strong pressure.} Ba7 {[#] Threatens to win with ...Qb6.} 19. b5 $1 {[%cal Rb5c6]} Bd7 $2 (19... Qb6 20. Qe3 Qxe3 21. Bxe3 axb5 22. Nxb5 (22. Bxa7 bxc4 23. Nb5 Bxb5 $11) 22... Bxe3 23. Nd6+ Kd7) 20. Ne4 $18 {White is clearly winning.} Qb6 {[%csl Ga7][%cal Rb6g1]} 21. Nd6+ Kf8 {[#]} 22. Be3 $1 {[%mdl 512]} Qxe3 23. Qxe3 Bxe3 24. Nxc8 {Precision: White = 72%, Black = 26%.} 1-0

[Event "79th ARM-ch 1st League 2018"]
[Site "Yerevan"]
[Date "2018.08.21"]
[Round "12"]
[White "Hayrapetyan, Artavazd R"]
[Black "Hoghmrtsyan, Artur"]
[Result "1-0"]
[WhiteElo "2371"]
[BlackElo "2157"]
[Annotator "TA"]
[PlyCount "95"]
[EventDate "2018.08.09"]
[EventType "tourn"]
[EventCountry "ARM"]
[SourceTitle "playchess.com"]
[Source "ChessBase"]
[SourceQuality "1"]

{[%evp 22,95,-27,-27,12,19,54,56,54,43,50,52,63,54,50,56,66,50,55,23,141,146,199,120,172,159,152,141,129,125,126,98,108,72,114,114,162,153,139,151,145,151,141,137,183,181,177,180,183,173,183,122,182,164,168,160,169,180,177,168,175,189,184,202,187,183,816,819,1812,1691,12841,12841,29985,29986,29988,12839]} 1. d4 {Krasenkow,M} d5 2. Nf3 Nf6 3. g3 g6 4. Bg2 Bg7 5. O-O O-O 6. c4 c6 7. Qb3 Qb6 8. Nc3 Rd8 9. c5 {D78: Fianchetto Grünfeld: 6 0-0 c6} Qxb3 10. axb3 Na6 11. Bf4 Nd7 12. Rfd1 {LiveBook: 10 Games} e5 13. Nxe5 Nxe5 14. Bxe5 Bxe5 15. dxe5 {[#]} Nxc5 $146 ({Predecessor:} 15... Bf5 16. Ra5 Bc2 {½-½ (35) Aronian,L (2724)-Svidler,P (2740) Beersheba 2005 CBM 110 [Krasenkow,M]}) 16. b4 Nd7 17. f4 Nb6 18. b5 Be6 19. bxc6 bxc6 20. b4 f6 (20... Nc4 $11 {remains equal.}) 21. exf6 $16 Kf7 (21... Nc4 $16 22. Rd3 Bf5) 22. Kf2 ({White should try} 22. b5 $18) 22... Rd7 (22... a6 $16) 23. Ra6 Rc8 24. Rda1 Rcc7 25. e3 {[%cal Be2e3,Be3e4,Be4e5][%mdl 32]} Bf5 26. Rd1 Kxf6 27. b5 Be6 28. e4 cxb5 29. e5+ Ke7 30. Nxb5 Rc2+ {[#]} 31. Kg1 $1 Bg4 32. Rda1 Be2 {[#]} 33. Nd4 $1 {[%cal Rd4c2]} Bxa6 34. Nxc2 Bd3 35. Nd4 Rc7 36. g4 (36. Kf2 $18) 36... a6 (36... Be4 $16) 37. Ra3 Bb5 38. f5 {[%cal Bf4f5,Bf5f6][%mdl 32]} Rc1+ 39. Kf2 {And now Rh3 would win.} Nc4 40. f6+ Kf8 41. Nxb5 {Strongly threatening e6!} Rc2+ 42. Kf3 Nxa3 43. Nxa3 Rc3+ $2 (43... Rb2) 44. Kf4 $18 Rxa3 45. e6 Rd3 46. Ke5 Re3+ 47. Kd6 ({Weaker is} 47. Kxd5 Re2 $14) 47... d4 48. Bd5 {Precision: White = 59%, Black = 32%.} (48. g5 $142 Kg8 49. e7 h6 50. Bd5+ Kh7 51. Be6 hxg5 52. e8=Q Rxe6+ 53. Kxe6 a5 54. Qf8 g4 55. Qg7#) 1-0

[Event "79th ARM-ch 1st League 2018"]
[Site "Yerevan"]
[Date "2018.08.21"]
[Round "12"]
[White "Davtyan, Artur"]
[Black "Gharibyan, Mamikon"]
[Result "1-0"]
[WhiteElo "2353"]
[BlackElo "2341"]
[Annotator "TA"]
[PlyCount "87"]
[EventDate "2018.08.09"]
[EventType "tourn"]
[EventCountry "ARM"]
[SourceTitle "playchess.com"]
[Source "ChessBase"]
[SourceQuality "1"]

{[%evp 17,87,20,38,24,14,17,20,34,41,31,29,29,31,37,55,52,37,20,37,9,0,-33,-26,-24,-7,-50,-63,-68,-38,-77,-79,-87,-50,-60,-62,-52,-64,-44,-56,-45,-12,-161,-76,-289,-277,-291,-287,-309,0,-319,1910,1757,29975,29976,29976,29974,29971,0,1190,0,29973,29974,29974,1587,29975,1575,1553,1532,1095,875,29986,29987]} 1. d4 Nf6 2. c4 e6 3. Nf3 b6 4. g3 Bb7 5. Bg2 Bb4+ 6. Bd2 a5 7. O-O O-O 8. Qc2 Be4 {E16: Damenindisch (Hauptfortsetzung mit Lb4)} 9. Qc1 Nc6 {LiveBook: 7 Partien. Mit der Idee ...Lxf3.} 10. Bxb4 $146 ({Vorgänger:} 10. Be3 a4 11. Nc3 Bxc3 12. Qxc3 h6 13. Rfd1 Ra5 14. b4 axb3 15. axb3 Qa8 16. Bf1 {1-0 (68) Laurusas,T (2463)-Meskovs,N (2524) Liepaja 2018}) 10... axb4 {Weiß hat minimalen Vorteil.} 11. Nbd2 Bg6 12. Re1 Ra5 13. e4 d6 14. Nb3 Ra4 15. e5 dxe5 16. dxe5 Nd7 $1 17. Qe3 Bh5 18. Nfd4 Ncxe5 19. Nc6 Nxc6 20. Bxc6 Ra7 21. Rad1 (21. c5 {looks sharper.} Nf6 22. Rec1 Nd5 23. Bxd5 Qxd5 24. cxb6 cxb6 25. Qxb6 Rb7 26. Qe3) 21... Bxd1 22. Rxd1 Rxa2 23. Rxd7 Qf6 24. Rxc7 Qxb2 {[#] Weiss muss nun ...Ta3 beachten.} 25. Rd7 Qc3 26. Rd3 Qxc4 27. Be4 Ra3 28. Kg2 g6 29. Qf3 (29. h4 $11) 29... Kg7 (29... f5 $19 30. Bc6 Rf7) 30. h4 $2 (30. Qe3 $17 {ist wohl besser.}) 30... f5 $19 31. Bb7 Rf7 32. h5 g5 $2 ({Lieber} 32... Kf6 $19 {Und weiter mit ...Txb7! wäre nett.} 33. Bc6 g5) 33. Qe3 $2 {[%mdl 8192]} (33. Qe2 $1 $11 Qc7 34. Bf3) 33... h6 $4 {[%mdl 8192]} (33... Rxb7 $19 34. Qxg5+ Kf7) 34. Qe5+ $18 Kh7 35. Rd8 {[%csl Gd8][%cal Re5h8]} Rg7 36. Qb8 {[%csl Gb8][%cal Rd8h8]} Rf7 37. Qe5 (37. Rh8+ $142 Kg7 38. Qg8+ Kf6 39. Rxh6+ Ke7 40. Qxg5+ Kd7 41. Rh8 Kd6 42. Rd8+ Kc7 43. Rc8+ Kxb7 44. Rxc4 Rxb3 45. Qg8) 37... Rg7 {[#] ...Dc7 ist eine echte Drohung.} 38. Qb8 $40 {[%mdl 128] Weiss startet einen Angriff.} (38. Rc8 $18 Qg4 39. Bf3 Qxf3+ 40. Kxf3 Rxb3+ 41. Ke2 Rc3 42. Qxe6 Rxc8 43. Qxf5+ Kg8 44. Qxc8+ Kh7 45. Qf5+ Kh8 46. Qe6) 38... Rf7 39. Rh8+ Kg7 40. Qe5+ Rf6 41. Rc8 (41. Rd8 $142 Ra1 42. Nxa1 Qc3 43. Qb5 Qc7 44. Rd7+ Qxd7 45. Qxd7+ Rf7 46. Qd4+ Rf6 47. Qxb4) 41... Qxc8 42. Bxc8 {Droht Matt per Sd4.} Rxb3 43. Bxe6 {Weiss droht Dc7+ und Matt.} Rc3 44. Bd5 {Precision: Weiß = 45%, Schwarz = 51%.} 1-0

[Event "79th ARM-ch 1st League 2018"]
[Site "Yerevan"]
[Date "2018.08.22"]
[Round "13"]
[White "Babujian, Levon"]
[Black "Hayrapetyan, Hovik"]
[Result "1-0"]
[WhiteElo "2459"]
[BlackElo "2439"]
[Annotator "TA"]
[PlyCount "85"]
[EventDate "2018.08.09"]
[EventType "tourn"]
[EventCountry "ARM"]
[SourceTitle "playchess.com"]
[Source "ChessBase"]
[SourceQuality "1"]

{[%evp 18,85,26,29,43,46,43,22,20,-8,0,-28,46,0,0,0,16,0,48,-57,0,0,85,79,77,57,83,16,18,0,0,-22,104,104,108,104,153,155,143,148,173,144,194,211,175,95,139,98,119,127,128,130,319,183,403,360,412,127,1609,1350,12840,12840,12844,12844,2337,1457,12847,12847,12848,12848]} 1. d4 Nf6 2. c4 e6 3. Nc3 d5 4. Nf3 Be7 5. Bg5 O-O 6. e3 Nbd7 7. Rc1 a6 8. cxd5 exd5 9. Bd3 c6 10. O-O {LiveBook: 99 Games} Nh5 {D63: Queen's Gambit Declined: Classical: 7 Rc1} (10... Re8 11. Qb3 Nh5 12. Bxe7 Rxe7 13. Rfe1 Nhf6 14. Na4 Ne4 15. Bxe4 Rxe4 16. Nc5 Nxc5 17. dxc5 Qe7 18. Nd4 Be6 19. f3 Re5 20. Qc3 Bd7 21. Re2 Re8 {½-½ (21) Winants,L (2535)-Seirawan,Y (2635) Enschede 2006}) 11. Bxe7 Qxe7 12. Ne5 {[#] aiming for Nxd7.} g6 {The position is equal.} 13. f4 $146 ({Predecessor:} 13. Nxd7 Bxd7 14. Na4 Rae8 15. Nc5 Bc8 16. Re1 Qc7 17. a3 Re7 18. Rc2 {1-0 (33) Day,T (2013)-Werner,D (2033) Hofheim 2018}) 13... Ng7 14. Qf3 Re8 (14... Nb6 $11) 15. e4 dxe4 16. Nxe4 Nb6 17. g4 f6 18. Qh3 ({Better is} 18. f5 $1 $14 gxf5 19. gxf5) 18... fxe5 ({Black should try} 18... Nd5 $15 19. Bc4 Be6) 19. fxe5 $11 Nh5 (19... Nd5 $11) 20. Qg2 $16 Bxg4 21. Qxg4 {Threatens to win with Ng5.} Rad8 22. Nc5 ({White should play} 22. Bc2 $16) 22... Kh8 23. Rce1 Nd5 24. Bc4 Rf8 (24... Ng7 $11) 25. Bxd5 $1 cxd5 26. Ne6 $36 {[%mdl 2048] Keeping Black busy.} Qd7 {[#]} 27. h3 $1 {[%cal Bh2h3,Bh3g4][%mdl 32]} ({And not} 27. Rxf8+ Rxf8 28. h3 Rf5 $11) 27... Rxf1+ 28. Rxf1 ({Much weaker is} 28. Kxf1 $6 Re8 $11) 28... Rc8 29. Nc5 Qxg4+ 30. hxg4 {[%mdl 4096] Endgame KRN-KRN} Ng3 31. Rf2 (31. Re1 $18) 31... b6 32. Ne6 h5 33. gxh5 gxh5 34. Kh2 h4 $2 (34... Ne4 $16 35. Rg2 a5) 35. Rf4 (35. Kh3 $142) 35... Rc2+ $2 (35... Ne2) 36. Kh3 $18 Ne2 37. Rf2 $2 (37. Rf8+ $18 {and the rest is easy.} Kh7 38. Kxh4) 37... Rxb2 $2 {[%mdl 8192]} (37... Ng1+ $16 38. Kg2 Ne2) 38. Kxh4 {White is clearly winning.} Rxa2 39. Kg5 {Threatening mate with Rf8+.} Nc3 40. Rxa2 Nxa2 41. Kf6 Nb4 42. Nc7 Nc6 43. e6 {Precision: White = 45%, Black = 22%.} 1-0

[Event "79th ARM-ch 1st League 2018"]
[Site "Yerevan"]
[Date "2018.08.22"]
[Round "13"]
[White "Gharibyan, Mamikon"]
[Black "Hakobyan, Aram"]
[Result "0-1"]
[WhiteElo "2341"]
[BlackElo "2545"]
[Annotator "TA"]
[PlyCount "98"]
[EventDate "2018.08.09"]
[EventType "tourn"]
[EventCountry "ARM"]
[SourceTitle "playchess.com"]
[Source "ChessBase"]
[SourceQuality "1"]

{[%evp 18,98,12,9,39,28,35,35,39,39,52,56,60,42,35,33,38,25,26,22,56,25,49,33,55,59,74,39,87,37,55,0,0,-34,-36,-85,-31,-39,-28,-71,-4,-54,-47,-78,-60,-128,-107,-236,-234,-234,-127,-220,-217,-222,-162,-255,-267,-413,-406,-455,-424,-496,-439,-754,-547,-1735,-1558,-12836,-12826,-12842,-12833,-12833,-12834,-12834,-12835,-12835,-12831,-12831,-12815,-10685,-1229,-1531,-1157]} 1. d4 g6 2. e4 Bg7 3. Nf3 d6 4. Nc3 Nf6 5. Be2 O-O 6. O-O Nc6 7. h3 e5 8. dxe5 Nxe5 9. Nxe5 dxe5 10. Be3 {LiveBook: 4 Games} b6 {B08: Pirc Defence: Classical System} (10... Qe7 11. Bc4 Rd8 12. Qe2 a6 13. a4 Be6 14. Rfd1 Bf8 15. Bg5 h6 16. Bxf6 Qxf6 17. Bxe6 Qxe6 18. Nd5 {1-0 (35) Simonian,H (2468)-Valgmae,T (2208) Warsaw 2011}) 11. Bc4 Bb7 12. Qxd8 $146 ({Predecessor:} 12. Bd5 Nxd5 13. Nxd5 c6 14. Nc3 Qe7 15. Qc1 f5 16. Bh6 f4 17. Bxg7 Kxg7 18. a4 {0-1 (30) Tran Dang Hong,L-Ngo Thi Cam,T Can Tho 2003}) 12... Raxd8 {White is slightly better.} 13. f3 a6 14. a4 Rfe8 15. b4 Bf8 16. Rfb1 Rd6 17. Bd3 Red8 18. Kf2 h5 19. g4 hxg4 20. hxg4 Be7 21. b5 a5 $1 22. Bc4 Nh7 23. Bd5 Bc8 24. Bc6 (24. Rh1 $14) 24... Rd2+ $11 25. Kg3 {Black must now prevent Nd5.} Rxc2 26. Rc1 Rb2 ({Black should try} 26... Rxc1 $17 27. Rxc1 Rd3) 27. Nd5 Bg5 {...Rb3 is the strong threat.} 28. Ra3 Bxe3 (28... Kg7 $17) 29. Rxe3 Ng5 $36 {[%mdl 2048] Black has the initiative.} 30. f4 exf4+ 31. Kxf4 ({Better is} 31. Nxf4 $15 Kg7 32. Bd5) 31... Ne6+ $17 32. Kg3 {[#]} (32. Ke5 $17) 32... Kg7 $1 $19 33. Rce1 Nc5 (33... Rd2 $19 34. Rh1 Rd4) 34. R1e2 (34. Nxc7 $17 Bd7 35. Nd5) 34... Rxe2 35. Rxe2 Nxa4 36. g5 {[#]} (36. Nxc7 $142 Rd3+ 37. Kf4) 36... Nc3 $1 {[%mdl 512]} 37. Re3 (37. Re1 $142) (37. Nxc3 Rd3+) 37... Nxd5 38. exd5 {[%mdl 4096] Endgame intending Re7. KRB-KRB} Bd7 {Black is clearly winning.} 39. Re7 a4 {[%cal Ba5a4,Ba4a3][%mdl 32]} 40. Kf4 (40. Bxd7 $142 Kf8 41. d6 cxd6 42. Re4) 40... a3 41. d6 Bxc6 42. dxc7 Rc8 43. bxc6 {KR-KR} a2 44. Re1 Rxc7 45. Ra1 Rxc6 46. Rxa2 Rc4+ 47. Kf3 Rc5 48. Kg4 Kf8 (48... b5 $142 49. Ra5 Rf5) 49. Ra7 b5 {Precision: White = 29%, Black = 50%.} 0-1

[Event "79th ARM-ch 1st League 2018"]
[Site "Yerevan"]
[Date "2018.08.22"]
[Round "13"]
[White "Poghosyan, Suren"]
[Black "Harutyunian, Tigran K"]
[Result "1/2-1/2"]
[WhiteElo "2301"]
[BlackElo "2504"]
[Annotator "TA"]
[PlyCount "39"]
[EventDate "2018.08.09"]
[EventType "tourn"]
[EventCountry "ARM"]
[SourceTitle "playchess.com"]
[Source "ChessBase"]
[SourceQuality "1"]

{[%evp 20,39,0,0,0,0,0,0,0,0,45,0,5,-8,-6,-6,-6,-8,0,-4,-7,-6]} 1. e4 e5 2. Nf3 Nc6 3. d4 exd4 4. Bc4 Bc5 5. Ng5 Nh6 6. Nxf7 Nxf7 7. Bxf7+ Kxf7 8. Qh5+ g6 9. Qxc5 d5 {C44: Ponziani Opening and Scotch Gambit} 10. O-O dxe4 11. c3 {LiveBook: 4 Games} Qd6 (11... Be6 12. Bf4 Qd5 13. cxd4 Qxd4 14. Qc1 Bc4 15. Re1 Bd3 16. Nc3 Rhe8 17. Bxc7 {½-½ (69) Grischuk,A (2766)-Karjakin,S (2773) Saint Louis 2018}) 12. Qxd6 cxd6 13. cxd4 Nxd4 14. Nc3 $1 Bf5 15. Bf4 Rac8 {And now ...Rxc3! would win.The position is equal.} 16. Rad1 {[#]} Rxc3 $1 {[%mdl 512]} 17. Rxd4 (17. bxc3 Ne2+) 17... Rd3 $146 18. Rxd6 Rc8 19. f3 Rxd6 20. Bxd6 1/2-1/2

[Event "79th ARM-ch 1st League 2018"]
[Site "Yerevan"]
[Date "2018.08.22"]
[Round "13"]
[White "Mkrtchyan, Sargis R"]
[Black "Sargsyan, Shant"]
[Result "1/2-1/2"]
[WhiteElo "2239"]
[BlackElo "2472"]
[Annotator "TA"]
[PlyCount "25"]
[EventDate "2018.08.09"]
[EventType "tourn"]
[EventCountry "ARM"]
[SourceTitle "playchess.com"]
[Source "ChessBase"]
[SourceQuality "1"]

{[%evp 9,14,-10,36,34,40,40,70]} 1. e4 e6 2. Nf3 d5 3. e5 c5 4. b4 cxb4 5. a3 b3 (5... Nc6 6. axb4 Bxb4 7. c3 Be7 8. d4 h5 9. Bd3 Nh6 10. h4 Bd7 11. Bg5 a6 12. Nbd2 Rc8 13. Nb3 g6 14. O-O Rc7 15. Qd2 Nf5 16. Bxf5 gxf5 {½-½ (48) Al Modiahki,M (2542)-Short,N (2678) Riadh 2017}) 6. cxb3 {C00: French: Unusual White 2nd moves} Nc6 7. d4 Bd7 {Predecessor:} 8. Bd3 $146 Nge7 9. Nc3 Nf5 10. Bxf5 exf5 11. O-O Be6 12. h4 h6 13. Be3 {½-½ (49) Carrascoso Morales,A (2342)-Lopez Mulet,I (2193) Mislata 2014} 1/2-1/2

[Event "79th ARM-ch 1st League 2018"]
[Site "Yerevan"]
[Date "2018.08.22"]
[Round "13"]
[White "Hoghmrtsyan, Artur"]
[Black "Davtyan, Artur"]
[Result "0-1"]
[WhiteElo "2157"]
[BlackElo "2353"]
[Annotator "TA"]
[PlyCount "82"]
[EventDate "2018.08.09"]
[EventType "tourn"]
[EventCountry "ARM"]
[SourceTitle "playchess.com"]
[Source "ChessBase"]
[SourceQuality "1"]

{[%evp 21,82,21,26,-33,-32,-8,0,0,5,0,0,0,0,0,0,-58,-31,-40,-47,-77,-91,-87,-63,-45,-45,-55,-47,-59,-36,-68,14,10,13,0,0,0,12,-285,-266,-370,-298,-399,-384,-402,-393,-377,-141,-658,-654,-659,-628,-654,-658,-646,-152,-658,-658,-682,-675,-707,-700,-690,-677]} 1. d4 Nf6 2. c4 e6 3. g3 d5 4. Nf3 dxc4 5. Bg2 Nc6 6. Qa4 Bb4+ 7. Bd2 Nd5 8. Bxb4 Ndxb4 9. O-O Bd7 {E04: Open Catalan: 5 Nf3} (9... Rb8 10. Na3 O-O 11. Qb5 b6 12. Qxc4 Ba6 13. Nb5 Qe8 14. Rfc1 Nd5 15. Qxc6 Qxc6 16. Rxc6 Bxb5 17. Rc2 Rfc8 {½-½ (49) Vidit,S (2718)-Bu,X (2712) Danzhou 2018}) 10. Nc3 a5 {[%cal Ba7a5,Ba5a4][%mdl 32]} 11. Qd1 O-O {LiveBook: 32 Games. The position is equal.} 12. e4 (12. e3 $11) 12... a4 $146 ({Predecessor:} 12... Rb8 13. Qe2 b5 14. b3 e5 15. dxe5 Bg4 {0-1 (24) Zubarev,A (2596)-Akshayraj,K (2454) Rethymno 2012}) 13. Qe2 e5 14. d5 $1 {[%cal Rd5c6]} ({But not} 14. Qxc4 exd4 15. Nxd4 Nxd4 $17) 14... Nd4 15. Nxd4 exd4 16. Qxc4 Qe7 $1 17. Ne2 c5 $1 $36 {[%mdl 2048] Black has the initiative.} 18. Nf4 ({White should try} 18. dxc6 $1 $11 Be6 19. Qc1 (19. Qxd4 Nc2 $15)) 18... a3 (18... b5 $5 {[%cal Rb5c4]} 19. Qc1 c4 $15) 19. b3 Rac8 20. Rfd1 b5 21. Qc1 f5 22. Re1 $1 {With the idea e5.} fxe4 23. Bxe4 Qf6 24. Qd2 $1 ({Much worse is} 24. Qxa3 d3 $17) 24... Bf5 25. Rac1 Rfe8 (25... d3 $15 26. Bxf5 Qxf5) 26. Bxf5 $11 Rxe1+ 27. Rxe1 Qxf5 28. d6 {Strongly threatening Ne6.} Rd8 29. Qe2 $2 {[%mdl 8192] [#]} (29. Re6 $1 $11 {and White has nothing to worry.}) 29... d3 $1 $19 {[%cal Rd3e2]} 30. Qe7 Qd7 31. Ne6 {[#]} Qxe7 $1 32. dxe7 {[%mdl 4096] Endgame KRN-KRN} Re8 33. Nxc5 Kf7 $2 (33... d2 $19 34. Rd1 Nxa2) 34. Nb7 $2 {[%mdl 8192]} (34. Rd1 $17 Nxa2 35. Nxd3) 34... Rxe7 35. Nd6+ Kf8 36. Kf1 Nxa2 37. Nxb5 Rd7 $2 (37... d2 $19 {is more deadly.} 38. Rd1 Rd7) 38. Rd1 $2 (38. Ra1 $17 d2 39. Ke2 Nc1+ 40. Kd1) 38... d2 {Black is clearly winning.} 39. b4 Rd3 40. f4 Ke7 41. Kf2 Kd7 {Precision: White = 30%, Black = 50%.} 0-1

[Event "79th ARM-ch 1st League 2018"]
[Site "Yerevan"]
[Date "2018.08.22"]
[Round "13"]
[White "Martirosyan, Garik"]
[Black "Mikaelyan, Arman"]
[Result "0-1"]
[WhiteElo "2145"]
[BlackElo "2496"]
[Annotator "TA"]
[PlyCount "60"]
[EventDate "2018.08.09"]
[EventType "tourn"]
[EventCountry "ARM"]
[SourceTitle "playchess.com"]
[Source "ChessBase"]
[SourceQuality "1"]

{[%evp 9,60,18,31,35,38,25,41,8,6,11,16,0,8,14,13,-33,11,21,14,14,17,25,33,24,53,50,68,-9,0,-54,-47,-120,-121,-129,-125,-297,-295,-441,-156,-150,-149,-213,-222,-339,-311,-311,-292,-409,-394,-376,-343,-648,-604]} 1. d4 Nf6 2. c4 b6 3. Nf3 Bb7 4. Nc3 g6 5. Bf4 (5. g3 Bg7 6. Bg2 O-O 7. O-O e6 8. Bf4 d6 9. Qc2 Nbd7 10. Rad1 Qe7 11. e4 e5 12. Bc1 Rfe8 13. Nd5 Nxd5 14. cxd5 Rac8 15. dxe5 dxe5 {½-½ (68) Wang,Y (2690)-Mamedyarov,S (2804) chess.com INT 2018}) 5... Bg7 6. Qd2 {A50: Queen's Fianchetto Defence (1 d4 Nf6 2 c4 b6)} O-O 7. Bh6 e6 $146 ({Predecessor:} 7... d5 8. Bxg7 Kxg7 9. e3 dxc4 10. Bxc4 Ne4 11. Qc2 Nd6 12. Bd3 Nd7 {1-0 (43) Fuertes Buisac,B (2080)-Mendez Garcia,J (1949) Barcelona 2014}) 8. Bxg7 {White is slightly better.} Kxg7 9. h4 h5 10. d5 c6 {[%cal Rc6d5]} 11. d6 c5 12. Ne5 Nc6 13. Nxc6 Bxc6 14. f3 e5 15. e4 a6 16. Be2 Re8 {[%cal Bf8e8,Be8e6,Be6d6,Bd6d4][%mdl 32]} 17. O-O-O b5 18. Rdg1 (18. cxb5 $14 axb5 19. Bxb5) 18... Re6 19. Qe3 (19. cxb5 $11 Bxb5 20. Nxb5 axb5 21. Bxb5) 19... Rxd6 $15 20. g4 (20. Qxc5 $15 Qe7 21. b4) 20... Rd4 $1 $17 21. Qg5 {next gxh5 is good for White.} hxg4 {Hoping for ...b4.} 22. Qxe5 $2 (22. h5 $17 Nxh5 23. Rxh5 Qxg5+ 24. Rxg5 gxf3 25. Bxf3) 22... d6 $19 23. Qf4 (23. Qg3 {was called for.} bxc4 24. h5) 23... Qe7 $2 (23... b4 $1 $19 {and Black stays clearly on top.} 24. Nd5 Bxd5 25. cxd5 Nxd5 $1 {[%mdl 512]}) 24. h5 $17 Qe5 $36 {[%mdl 2048] Black is on the roll.} 25. Qe3 {[#]} (25. Qxe5 $17 dxe5 26. h6+ Kh7 27. Rf1) 25... g5 $1 $19 ({Weaker is} 25... Nxh5 26. Rxg4 Kf8 27. cxb5 $15) 26. Nd1 (26. Bd3 {is a better defense.}) 26... Kh6 ({Don't take} 26... bxc4 27. Nc3 $19) 27. Nf2 gxf3 28. Bxf3 (28. Qxf3 $142 Rxe4 29. Nxe4 Bxe4 30. Qf2) 28... Rxc4+ 29. Kb1 {With the idea Nd3.} Rg8 30. Nh3 $2 (30. Re1) 30... Bxe4+ {Precision: White = 39%, Black = 61%.} 0-1

[Event "79th ARM-ch 1st League 2018"]
[Site "Yerevan"]
[Date "2018.08.22"]
[Round "13"]
[White "Sargsyan, Tigran R"]
[Black "Hayrapetyan, Artavazd R"]
[Result "0-1"]
[WhiteElo "2136"]
[BlackElo "2371"]
[Annotator "TA"]
[PlyCount "80"]
[EventDate "2018.08.09"]
[EventType "tourn"]
[EventCountry "ARM"]
[SourceTitle "playchess.com"]
[Source "ChessBase"]
[SourceQuality "1"]

{[%evp 13,80,4,14,0,27,7,34,-5,8,-5,-4,-5,-2,-4,-3,-10,0,0,0,0,0,0,0,-6,-6,-21,-16,-10,-6,-6,-6,-20,-20,-20,-13,-42,-31,-29,-29,-44,-38,-54,-54,-54,-50,-94,-51,-89,0,-18,-18,-11,-21,-53,-39,-76,-65,-91,-91,-110,-110,-185,-176,-533,-533,-527,-531,-513,-500]} 1. d4 Nf6 2. Nf3 e6 3. c4 d5 4. Nc3 a6 5. cxd5 exd5 6. Bf4 {D37: Queen's Gambit Declined: 5 Bf4} Bd6 7. Bg3 O-O {LiveBook: 11 Games} 8. Qc2 $146 {The position is equal.} ({Predecessor:} 8. e3 Nc6 9. Bd3 Bg4 10. a3 Bxg3 11. hxg3 g6 12. Qc2 Qd6 13. O-O-O b5 {1-0 (54) Bu,X (2730)-Bosiocic,M (2624) Riadh 2017}) 8... Nc6 9. a3 Ne7 10. e3 Bf5 11. Bd3 Bxd3 12. Qxd3 c6 13. Bxd6 Qxd6 14. O-O a5 15. Na4 Nc8 16. Ne5 Qe7 17. Nc5 Nd6 18. Rfc1 Nfe4 19. Qe2 (19. Ned7 {is more complex.} Rfe8 20. Qc2 g6 21. Nb6 Ra7 22. Nba4) 19... Nxc5 20. Rxc5 a4 21. Rc2 Rfe8 22. Qd3 f6 23. Nf3 g6 24. h4 Kg7 25. g3 h5 26. Kg2 Ra5 {[%cal Ba8a5,Ba5b5,Bb5b3][%mdl 32]} 27. Re1 {[%cal Ba1e1,Be1e2,Be2d2,Bd2d1][%mdl 32]} Rb5 28. Nd2 {[%cal Bf3d2,Bd2b1,Bb1c3][%mdl 32]} Qd7 29. Re2 Re7 30. Nb1 Re8 (30... Qg4 $17 {...Rb3 is the strong threat.} 31. Nc3 Rb3) 31. Nc3 Rb3 32. Qd1 $1 Qg4 33. Red2 Qxd1 34. Rxd1 b5 $1 35. Re1 Nc4 36. Ree2 {[#]} Nxb2 $1 {[%mdl 512]} 37. Nxd5 {[#]} (37. Rxb2 $17 {was necessary.} Rxc3 38. Ra2) 37... Nc4 $1 $19 38. Nb4 $2 (38. Nc7 {is more resistant.} Re7 39. Na6) 38... Nxa3 {Black is clearly winning.} 39. Ra2 Rxb4 40. Rxa3 {[#]} Rxd4 $1 {[%mdl 512] Precision: White = 30%, Black = 74%.} 0-1